| 000 | 02171nam a2200373 a 4500 | ||
|---|---|---|---|
| 001 | 000021835 | ||
| 003 | DO-SdBNP | ||
| 005 | 20240307174645.0 | ||
| 007 | ta | ||
| 008 | 100913s2000 dr ac 001 0 spa d | ||
| 020 | _z8489536995 | ||
| 040 |
_aDO-SdBNP _bspa _cBNPHU |
||
| 082 | 4 |
_a305.89729382 _bP933e _222 |
|
| 245 | 0 | 0 |
_aPresencia étnica en San Pedro de Macorís / _cManuel García Arévalo... [et. al.] ; presentación José Hazim Frapier. |
| 260 |
_aSanto Domingo : _bUniversidad Central del Este, _c2000. |
||
| 300 |
_a163 p. : _bilustraciones ; _c24 cm. |
||
| 490 | 1 |
_aXXX Aniversario de la UCE ; _v1 |
|
| 504 | _aIncluye referencias bibliográficas y notas al pie de páginas. | ||
| 505 | 0 |
_aPresentación / _rJosé Hazim Frapier -- _tLa presencia española en San Pedro de Macorís / _rManuel García Arévalo -- _tInmigración cubana en San Pedro de Macorís : su incidencia en el desarrollo de la provincia y del país / _rFermín Álvarez Santana -- _tAportes económicos, sociales y culturales de la inmigración puertorriqueña en San Pedro de Macorís / _rFermín Álvarez Santana -- _tEl aporte de los cocoló a la cultura de San Pedro de Macorís / _rJulio César Mota Acosta -- _tLos árabes en San Pedro de Macorís / _rOrlando Inoa -- _tIncidencia de la étnia haitiana en San Pedro de Macorís / _rRafael Jarvis Luis -- _gConclusión. |
|
| 590 | _aInventariado, 2018/BT | ||
| 650 | 4 |
_aComposición étnica _zSan Pedro De Macorís (República Dominicana{Rpara} _945343 |
|
| 650 | 4 |
_aComposición de la población _zSan Pedro De Macorís (República Dominicana{Rpara} _945344 |
|
| 650 | 4 |
_aIdentidad cultural _zSan Pedro De Macorís (República Dominicana{Rpara} _945345 |
|
| 651 | 4 |
_aRepública Dominicana _xCaracterísticas Nacionales _91720 |
|
| 700 | 1 |
_a García Arévalo, Manuel Antonio, _d1948- _959457 |
|
| 700 | 1 |
_aAlvarez Santana, Fermín _97814 |
|
| 700 | 1 |
_aMota Acosta, Julio César _945346 |
|
| 700 | 1 |
_aInoa, Orlando _95784 |
|
| 700 | 1 |
_aJarvis Luis, Rafael _921006 |
|
| 700 | 1 |
_aHazim, José, _dpresentación _945347 |
|
| 830 | 0 |
_aXXX Aniversario de la UCE ; _n1 _945348 |
|
| 910 | _aValidado. Control de calidad. EMS | ||
| 942 |
_2ddc _cLBS1 |
||
| 999 |
_c21333 _d21333 |
||